| 000 | 00489nam a2200169 i 4500 | ||
|---|---|---|---|
| 001 | 22956 | ||
| 003 | ES-MaACL | ||
| 005 | 20230906152802.0 | ||
| 007 | t| | ||
| 008 | 021205s1986 sp ||||1| spa d | ||
| 020 | _a84-398-6080-3 | ||
| 100 | 1 |
_aAlvarez de Sotomayor, Maruja. _920779 |
|
| 245 | 1 | 0 |
_aMás allá / _cMaruja Alvarez de Sotomayor. |
| 260 |
_a[S.l. : _bs.n., _c1986] ( _eFuenlabrada : _fCoopegraf) |
||
| 300 |
_a142 p., 4 h. ; _c21 cm. |
||
| 852 |
_aES-MaACL _jL-10398 _bR.112085 |
||
| 999 |
_c22956 _d22956 |
||